Регионална библиотека "Любен Каравелов" - Русе

Кратък курс по економическата наука (Запис номер 401403)

MARC детайли
000 -Лидер
Контролно поле с фиксирана дължина nam a22 a 4500
003 - Код на организацията, давaща контролен номер
Контролно поле BLK
005 - Дата и час на последна редакция
Контролно поле 20210329124742.0
008 - Елементи от данни с фиксирана дължина
fixed length control field 210321b bu |||||r|||| 00| | bu d
040 ## - Източник на каталожния запис
Идентификатор на билиотеката - собственик на записа BLK
041 ## - Код за език
Код за езика на текст/звукозапис или на отделно заглавие Български
Код за езика КДБФ Български
080 ## - УДК
Текстов определител УДК Икономически науки в цялост. Политическа икономия. Вж и 338 ; 65
УДК код - определител по УДК 330
УДК определител (075.9)
УДК - код + определител 330(075.9)
100 ## - Редна дума - Автор
R(LIN) 321402
Автор Богданов, Александър Александрович
Авторска отговорност първи автор
139 ## - Редно поле
Редна дума Богданов, Александър Александрович и др.
245 ## - Сведения за заглавието
Заглавие Кратък курс по економическата наука
Подзаглавни данни С предг. Социалистическото направление в политическата економия
Редно поле (дума) Александър Александрович Богданов, Димитър Благоев.
260 ## - Област на издателските данни
9 (RLIN) 435244
Място на издаване, разпространение и проч. Варна
Име на издателя, разпространителя и проч. Стефан Георгиев и сие
Година на издаване 1898
300 ## - Физическа характеристика
Страници 292 с.
Размери/Мащаб 20 см
380 ## - Жанр
Жанр Обществени науки
490 ## - СЕРИИ (Колекции)
9 (RLIN) 206592
Име на серия Популярно-научная библиотека
№: серия №1
700 ## - Други автори (авторска отговорност)
9 (RLIN) 401063
Лично име Димитров, Димитър Благоев
Автороска отговорност (Описва отношението между автора и произведението) предг.
700 ## - Други автори (авторска отговорност)
9 (RLIN) 966
Лично име Бакалов, Георги Иванов
Автороска отговорност (Описва отношението между автора и произведението) прев.
852 ## - Местоположение
Форматна сигнатура Цб Рб 898
999 ## - СИСТЕМНИ КОНТРОЛНИ НОМЕРА
Koha biblionumber 401403
Koha biblioitemnumber 401403
942 ## - АРТИКУЛИ
Вид на библиотечния материал Книги
Скрит в OPAC Не
Периодичен библиозапис Да
944 ## - СЪЗДАВАНЕ И РЕДАКЦИЯ на ЗАПИСА
Създаване/Редакция Създаване
Дата на регистрацията/редакция 2021-03-21
Служител, извършил регистрацията/редакцията А.М.
999 ## - СИСТЕМНИ КОНТРОЛНИ НОМЕРА
Koha biblioitemnumber 401403
999 ## - СИСТЕМНИ КОНТРОЛНИ НОМЕРА
Koha biblioitemnumber 401403
999 ## - СИСТЕМНИ КОНТРОЛНИ НОМЕРА
Koha biblioitemnumber 401403
999 ## - СИСТЕМНИ КОНТРОЛНИ НОМЕРА
Koha biblioitemnumber 401403
999 ## - СИСТЕМНИ КОНТРОЛНИ НОМЕРА
Koha biblioitemnumber 401403
999 ## - СИСТЕМНИ КОНТРОЛНИ НОМЕРА
Koha biblioitemnumber 401403
999 ## - СИСТЕМНИ КОНТРОЛНИ НОМЕРА
Koha biblioitemnumber 401403
Наличности
Код за отписване Код за изгубен артикул Източник на класификационната схема Код за повреда Коз за рестрикции Код за отдаване Артикулен № Име на библиотеката - собственик Име на библиотеката, в която се намира в момента Статус (Текущо местоположение) Дата на вписване в системата Местоположение - отдел Цена в лева Инвентарен номер Систематично азбучна сигнатура Баркод Цена в евро Служебен тип на артикула
  Не е изгубен Universal Decimal Classification Не е повреден само за читалня Специални фондове ( старопечатни, редки и ценни, фонд М. Арнаудов) 853123 Регионална библиотека "Любен Каравелов" Русе Регионална библиотека "Любен Каравелов" Русе Редки и ценни 2021-09-20 Редки и ценни 0.24 12682 Рб 898 900000042887 0.12 Книги
Vip Innovations Ltd, Rousse, Bulgaria 2025